000
00339nam a22001457a 4500
005
20161022145628.0
008
161022b xxu||||| |||| 00| 0 eng d
041
_a
eng
100
_a
Ghatak,S
_9
3610
245
_a
Mine Pumps,Haulage and Winding
260
_b
Coalfield
300
_a
520
650
_a
Mining Engineering
_9
3613
942
_c
BK
999
_c
5275
_d
5272